00509nam a2200169Ia 4500003000900000008004100009020001800050040001600068080001500084110005200099245008300151260006200234300000900296650001100305650001000316650001300326IN-BaIIA211028s9999 xx 000 0 eng d a81-230-0712-4 cIIA Library a58bIFB-99 aIndian Ministry of Information and Broadcasting 0aIndia1999, a reference annualcIndian Ministry of Information and Broadcasting aNew DelhibMinistry of Information and Broadcastingc1999 a771p aannual aIndia ayearbook